<?xml version="1.0" encoding="UTF-8"?>
<record
    xmlns:xsi="http://www.w3.org/2001/XMLSchema-instance"
    xsi:schemaLocation="http://www.loc.gov/MARC21/slim http://www.loc.gov/standards/marcxml/schema/MARC21slim.xsd"
    xmlns="http://www.loc.gov/MARC21/slim">

  <leader>00553    a2200157   4500</leader>
  <controlfield tag="005">20250612142352.0</controlfield>
  <datafield tag="020" ind1=" " ind2=" ">
    <subfield code="a">0-256-12381-0</subfield>
  </datafield>
  <datafield tag="082" ind1=" " ind2=" ">
    <subfield code="a">658.5 MEL</subfield>
  </datafield>
  <datafield tag="100" ind1=" " ind2=" ">
    <subfield code="a">MELNYK, S. A.</subfield>
  </datafield>
  <datafield tag="245" ind1=" " ind2=" ">
    <subfield code="a">Operations Management : A Value-driven Approach.</subfield>
  </datafield>
  <datafield tag="260" ind1=" " ind2=" ">
    <subfield code="a">New York,</subfield>
    <subfield code="b">Irwin/ McGraw-Hill,</subfield>
    <subfield code="c">1996.</subfield>
  </datafield>
  <datafield tag="300" ind1=" " ind2=" ">
    <subfield code="a">xxxv, 988p.: ill.; chart, figure, graph, picture, table. </subfield>
    <subfield code="b">Glossary &amp; Index.</subfield>
    <subfield code="c">26cm.</subfield>
  </datafield>
  <datafield tag="700" ind1=" " ind2=" ">
    <subfield code="a">DENZLER, D. R.</subfield>
  </datafield>
  <datafield tag="856" ind1=" " ind2=" ">
    <subfield code="y">Access Online Book</subfield>
    <subfield code="f">Operations Management : A Value-driven Approach</subfield>
    <subfield code="d">http://www.mhcollege.com</subfield>
  </datafield>
  <datafield tag="942" ind1=" " ind2=" ">
    <subfield code="2">ddc</subfield>
    <subfield code="c">BKS</subfield>
  </datafield>
  <datafield tag="999" ind1=" " ind2=" ">
    <subfield code="c">2465</subfield>
    <subfield code="d">2465</subfield>
  </datafield>
  <datafield tag="952" ind1=" " ind2=" ">
    <subfield code="r">2025-05-20 07:28:34</subfield>
    <subfield code="l">0</subfield>
    <subfield code="o">658.5 MEL</subfield>
    <subfield code="p">0000009271</subfield>
    <subfield code="v">144000.00</subfield>
    <subfield code="w">2025-05-20</subfield>
    <subfield code="y">BKS</subfield>
    <subfield code="1">0</subfield>
    <subfield code="2">ddc</subfield>
    <subfield code="4">0</subfield>
    <subfield code="7">0</subfield>
    <subfield code="0">0</subfield>
    <subfield code="a">CBEML</subfield>
    <subfield code="b">CBEML</subfield>
    <subfield code="c">GEN</subfield>
    <subfield code="d">2003-03-15</subfield>
    <subfield code="g">48000.00</subfield>
  </datafield>
  <datafield tag="952" ind1=" " ind2=" ">
    <subfield code="r">2025-05-20 07:28:34</subfield>
    <subfield code="l">0</subfield>
    <subfield code="o">658.5 MEL</subfield>
    <subfield code="p">0000009272</subfield>
    <subfield code="v">144000.00</subfield>
    <subfield code="w">2025-05-20</subfield>
    <subfield code="y">BKS</subfield>
    <subfield code="1">0</subfield>
    <subfield code="2">ddc</subfield>
    <subfield code="4">0</subfield>
    <subfield code="7">0</subfield>
    <subfield code="0">0</subfield>
    <subfield code="a">CBEML</subfield>
    <subfield code="b">CBEML</subfield>
    <subfield code="c">GEN</subfield>
    <subfield code="d">2003-03-15</subfield>
    <subfield code="g">48000.00</subfield>
  </datafield>
  <datafield tag="952" ind1=" " ind2=" ">
    <subfield code="r">2025-05-20 07:28:34</subfield>
    <subfield code="l">0</subfield>
    <subfield code="o">658.5 MEL</subfield>
    <subfield code="p">0000009273</subfield>
    <subfield code="v">144000.00</subfield>
    <subfield code="w">2025-05-20</subfield>
    <subfield code="y">BKS</subfield>
    <subfield code="1">0</subfield>
    <subfield code="2">ddc</subfield>
    <subfield code="4">0</subfield>
    <subfield code="7">0</subfield>
    <subfield code="0">0</subfield>
    <subfield code="a">CBEML</subfield>
    <subfield code="b">CBEML</subfield>
    <subfield code="c">GEN</subfield>
    <subfield code="d">2003-03-15</subfield>
    <subfield code="g">48000.00</subfield>
  </datafield>
  <datafield tag="952" ind1=" " ind2=" ">
    <subfield code="r">2025-05-20 07:28:34</subfield>
    <subfield code="l">0</subfield>
    <subfield code="o">658.5 MEL</subfield>
    <subfield code="p">0000009274</subfield>
    <subfield code="v">144000.00</subfield>
    <subfield code="w">2025-05-20</subfield>
    <subfield code="y">BKS</subfield>
    <subfield code="1">0</subfield>
    <subfield code="2">ddc</subfield>
    <subfield code="4">0</subfield>
    <subfield code="7">0</subfield>
    <subfield code="0">0</subfield>
    <subfield code="a">CBEML</subfield>
    <subfield code="b">CBEML</subfield>
    <subfield code="c">GEN</subfield>
    <subfield code="d">2003-03-15</subfield>
    <subfield code="g">48000.00</subfield>
  </datafield>
  <datafield tag="952" ind1=" " ind2=" ">
    <subfield code="r">2025-05-20 07:28:34</subfield>
    <subfield code="l">0</subfield>
    <subfield code="o">658.5 MEL</subfield>
    <subfield code="p">0000009275</subfield>
    <subfield code="v">144000.00</subfield>
    <subfield code="w">2025-05-20</subfield>
    <subfield code="y">BKS</subfield>
    <subfield code="1">0</subfield>
    <subfield code="2">ddc</subfield>
    <subfield code="4">0</subfield>
    <subfield code="7">0</subfield>
    <subfield code="0">0</subfield>
    <subfield code="a">CBEML</subfield>
    <subfield code="b">CBEML</subfield>
    <subfield code="c">GEN</subfield>
    <subfield code="d">2003-03-15</subfield>
    <subfield code="g">48000.00</subfield>
  </datafield>
  <datafield tag="952" ind1=" " ind2=" ">
    <subfield code="r">2025-05-20 07:28:34</subfield>
    <subfield code="l">0</subfield>
    <subfield code="o">658.5 MEL</subfield>
    <subfield code="p">0000009276</subfield>
    <subfield code="v">144000.00</subfield>
    <subfield code="w">2025-05-20</subfield>
    <subfield code="y">BKS</subfield>
    <subfield code="1">0</subfield>
    <subfield code="2">ddc</subfield>
    <subfield code="4">0</subfield>
    <subfield code="7">0</subfield>
    <subfield code="0">0</subfield>
    <subfield code="a">CBEML</subfield>
    <subfield code="b">CBEML</subfield>
    <subfield code="c">GEN</subfield>
    <subfield code="d">2003-03-15</subfield>
    <subfield code="g">48000.00</subfield>
  </datafield>
  <datafield tag="952" ind1=" " ind2=" ">
    <subfield code="r">2025-05-20 07:28:34</subfield>
    <subfield code="l">0</subfield>
    <subfield code="o">658.5 MEL</subfield>
    <subfield code="p">0000009277</subfield>
    <subfield code="v">144000.00</subfield>
    <subfield code="w">2025-05-20</subfield>
    <subfield code="y">BKS</subfield>
    <subfield code="1">0</subfield>
    <subfield code="2">ddc</subfield>
    <subfield code="4">0</subfield>
    <subfield code="7">0</subfield>
    <subfield code="0">0</subfield>
    <subfield code="a">CBEML</subfield>
    <subfield code="b">CBEML</subfield>
    <subfield code="c">GEN</subfield>
    <subfield code="d">2003-03-15</subfield>
    <subfield code="g">48000.00</subfield>
  </datafield>
  <datafield tag="952" ind1=" " ind2=" ">
    <subfield code="r">2025-06-07 07:11:09</subfield>
    <subfield code="l">0</subfield>
    <subfield code="o"> LECT 658.5 MEL</subfield>
    <subfield code="p">00000011362</subfield>
    <subfield code="v">144000.00</subfield>
    <subfield code="w">2025-06-07</subfield>
    <subfield code="y">BKS</subfield>
    <subfield code="1">0</subfield>
    <subfield code="2">ddc</subfield>
    <subfield code="4">0</subfield>
    <subfield code="7">0</subfield>
    <subfield code="0">0</subfield>
    <subfield code="a">CBEML</subfield>
    <subfield code="b">CBEML</subfield>
    <subfield code="c">GEN</subfield>
    <subfield code="d">2003-03-15</subfield>
    <subfield code="g">48000.00</subfield>
  </datafield>
  <datafield tag="952" ind1=" " ind2=" ">
    <subfield code="r">2025-06-12 14:21:25</subfield>
    <subfield code="l">0</subfield>
    <subfield code="o">LECT 658.5 MEL</subfield>
    <subfield code="p">00000012816</subfield>
    <subfield code="v">144000.00</subfield>
    <subfield code="w">2025-06-12</subfield>
    <subfield code="y">BKS</subfield>
    <subfield code="1">0</subfield>
    <subfield code="2">ddc</subfield>
    <subfield code="4">0</subfield>
    <subfield code="7">0</subfield>
    <subfield code="0">0</subfield>
    <subfield code="a">CBEML</subfield>
    <subfield code="b">CBEML</subfield>
    <subfield code="c">GEN</subfield>
    <subfield code="d">2003-03-15</subfield>
    <subfield code="g">48000.00</subfield>
  </datafield>
</record>
